| 000 | 00924nmm a2200277 a 4500 | ||
|---|---|---|---|
| 001 | ocm0001520940 | ||
| 003 | TR-IsHL | ||
| 005 | 20201028162745.0 | ||
| 008 | 170122s2015 tu tur | ||
| 007 | cr cn | ||
| 020 | _a9789944323908 | ||
| 035 |
_a1520940 _b(N$T) |
||
| 050 | 0 | 4 |
_aPL248.D65 _bA5 2015 |
| 090 | 0 | 4 |
_aPL248.D65 _bA5 2015 |
| 100 | 1 | _aDoğan, Sıddık | |
| 245 | 1 | 0 |
_aAndırın'lı Sıddık Doğan ( Kara Müftü): bütün şiirleri _h[electronic resource] / _cSıddık Doğan ; hazırlayan Celil Çınkır |
| 260 |
_aİstanbul : _bYalın Yayıncılık, _c2015 |
||
| 300 | _a143 p. | ||
| 650 | 4 | _aDil ve Edebiyat | |
| 650 | 4 | _aLanguage and Literature | |
| 650 | 0 | _aTürk şiiri | |
| 650 | 0 | _aTurkish poetry | |
| 650 | 7 |
_aPOETRY / Middle Eastern _2bisacsh |
|
| 700 | 1 | _aÇınkır, Celil | |
| 856 | 4 | 0 | _uhttp://search.ebscohost.com/login.aspx?direct=true&scope=site&db=e011xww&AN=1520940 |
| 999 |
_c14955 _d14955 |
||